000 004680000a22001690004500
020 _a84-7432-150-6
041 0 _aSPA
082 0 4 _aG 920 G154m
100 1 _aYourcenar, Marguerite
245 1 0 _aCon los ojos abiertos : Conversaciones con Matthieu Galey / Marguerite Yourcenar ; Elena Berni, Traductor
250 _a2
260 _aBarcelona, España : Gedisa
300 _a285 Pag
500 _aTítulo original : Les yeux ouverts
001 11258
942 _cBK
999 _c40610
_d40610